| 000 | 01199nam a22003134a 4500 | ||
|---|---|---|---|
| 001 | ebr10271626 | ||
| 003 | CaPaEBR | ||
| 006 | m u | ||
| 007 | cr cn||||||||| | ||
| 008 | 050716s2005 enka sb 001 0 eng | ||
| 010 | _z 2005019582 | ||
| 020 | _z0192804316 (alk. paper) | ||
| 040 |
_aCaPaEBR _cCaPaEBR |
||
| 035 | _a(OCoLC)94270255 | ||
| 050 | 1 | 4 |
_aHX73 _b.N48 2005eb |
| 082 | 0 | 4 |
_a335 _222 |
| 100 | 1 |
_aNewman, Michael, _d1946- |
|
| 245 | 1 | 0 |
_aSocialism _h[electronic resource] : _ba very short introduction / _cMichael Newman. |
| 260 |
_aOxford ; _aNew York : _bOxford University Press, _c2005. |
||
| 300 |
_a171 p. : _bill. |
||
| 490 | 1 |
_aVery short introductions ; _v126 |
|
| 504 | _aIncludes bibliographical references and index. | ||
| 533 |
_aElectronic reproduction. _bPalo Alto, Calif. : _cebrary, _d2013. _nAvailable via World Wide Web. _nAccess may be limited to ebrary affiliated libraries. |
||
| 650 | 0 | _aSocialism. | |
| 655 | 7 |
_aElectronic books. _2local |
|
| 710 | 2 | _aebrary, Inc. | |
| 830 | 0 |
_aVery short introductions ; _v126. |
|
| 856 | 4 | 0 |
_uhttp://site.ebrary.com/lib/rucke/Doc?id=10271626 _zAn electronic book accessible through the World Wide Web; click to view |
| 999 |
_c22318 _d22318 |
||